Responses for Show #5673 - Wednesday, April 15, 2009

Contestants

[<< previous game]

Anjali Bonner, a law student originally from Baltimore, Maryland

Kevin Joyce, a customer service representative from Leominster, Massachusetts

Marc Sacks, an international development manager from Washington, D.C. (whose 1-day cash winnings total $23,601)

[next game >>]

Jeopardy! Round responses

THE BATTLE OF BULL RUN
MOVIES ANY TIME
TOP SELLER IN THE U.S.
"M"ENAGERIE
YOUR COLLEGE I.D.
DICTIONARY ABBR.
    $200 18
1861

Marc
    $200 22
3:10 to Yuma

Triple Stumper
    $200 24
Kleenex

Marc
    $200 5
a moose

Kevin
    $200 1
Notre Dame

Marc
    $200 8
colloquial

Marc
    $400 19
Manassas

Marc
    $400 25
Shanghai Noon

Triple Stumper
    $400 28
Bud Light

Marc
    $400 6
a mole

Kevin
    $400 2
Howard

Marc
    $400 9
synonym

Anjali
    $600 20
Virginia

Kevin
    $600 26
Night at the Museum

Anjali
    $600 13
Heinz

Kevin
    $1,400 7
a muskrat

Kevin
    $600 3
Duke

Marc
    $600 10
(Kevin: What is obscure?)

obsolete

MarcKevin
    $800 21
Stonewall Jackson

Kevin
    $800 27
(Anjali: What is Ridgemont High?)
(Marc: What is High Noon?)

Three O'Clock High

MarcAnjali
Triple Stumper
    $800 15
(Mark: What is Chips Ahoy!?)

Oreo

MarcAnjali
    $800 14
magpie

Anjali
    $800 4
(Marc: What is Sumter?)

(The) Citadel

MarcKevin
    $800 11
noun plural (or plural noun)

Marc
    $1000 30
General Beauregard

Triple Stumper
    $1000 29
Dawn of the Dead

Kevin
    $1000 16
Ocean Spray

Kevin
    $1000 17
a mongoose

Kevin
    $1000 23
Tufts

Kevin
    $1000 12
Late Middle English

Anjali

Scores at the first commercial break (after clue 15):

Marc Kevin Anjali
$1,200 $2,800 $3,000

Scores at the end of the Jeopardy! Round:

Marc Kevin Anjali
$1,600 $8,200 $2,800

Double Jeopardy! Round responses

GOVERNMENT & POLITICS
MUSICALS BY SONGS
D(5 LETTERS)D
(Alex: The correct response will begin and end with the letter "D", and there will be five letters in between those two "D"s.)
ARTHUR-IAN AUTHORS
LIBYA, LIBYA, LIBYA
ON THE LABEL, LABEL, LABEL
    $400 13
(Marc: What is the Government Affairs Office?)

General Accounting Office

Marc
Triple Stumper
    $400 22
The King and I

Anjali
    $400 2
diehard

Kevin
    $400 11
Arthur Miller

Kevin
    $400 1
oil

Kevin
    $400 18
Fruit of the Loom

Kevin
    $800 14
appellate

Anjali
    $800 23
Chicago

Anjali
    $800 3
discord

Anjali
    $7,000 12
Arthur C. Clarke

Kevin
    $800 4
(Erwin) Rommel

Kevin
    $800 27
Cracker Jack

Kevin
    $5,000 15
(Anjali: What is the electoral process?)

apportionment

Anjali
    $1200 24
Guys and Dolls

Marc
    $1200 8
dappled

Kevin
    $1200 19
(Arthur Conan) Doyle

Kevin
    $1200 5
Billy Carter

Marc
    $1200 28
Travelers

Kevin
    $1600 16
(Kevin: What is 51?)
(Marc: What is 61?)
...
(Alex: Three-fifths.)

60

MarcKevin
Triple Stumper
    $1600 25
(Alex: With less than a minute to go.)

Gypsy

Marc
    $1600 9
dogwood

Kevin
    $1600 20
Schlesinger

Kevin
    $1600 6
Algeria & Tunisia (Niger, Chad, Sudan & Egypt)

Anjali
    $1600 29
Little Debbie

Kevin
    $2000 17
(Kevin: What is Engraving?)
(Alex: Be a little more specific.)
(Kevin: What is, um, Engraving at the Treasury?)
(Alex: Nope. Marc?)
(Marc: What is the Bureau of Printing and Engraving?)
(Alex: Nope... Only because you got it backwards. It's the [*], not Printing and Engraving.)

The Bureau of Engraving and Printing

MarcKevin
Triple Stumper
    $2000 26
Sweet Charity

Triple Stumper
    $2000 10
a demigod

Kevin
    $2000 21
Arthur Rimbaud

Marc
    $2000 7
a dinar

Kevin
    $2000 30
(Marc: What is the Sleepy Bear Inn?)

Travelodge

Marc
Triple Stumper

Scores at the end of the Double Jeopardy! Round:

Marc Kevin Anjali
$1,600 $27,200 $2,200
(lock game)

[wagering suggestions for these scores]

Final Jeopardy! Round responses

EXPLORERS
(Alex: [to Kevin] You're thinking of [*] because of the northern connection, [*] Bay, and stuff like that. I love it when people who have such a big lead wager a lot. I hope you did that because [*] is right... [Kevin's wager is revealed] Ho-ho! $49,699! What a way to play the game!)
MarcWho was Cook?
$400
AnjaliWho was Cook?
$1,400
KevinWho is Hudson?
$22,499
Henry Hudson

Final scores:

Marc Kevin Anjali
$1,200 $49,699 $800
2nd place: $2,000 New champion: $49,699 3rd place: $1,000

Game dynamics:

Coryat scores:

Marc Kevin Anjali
$1,600 $20,200 $7,200
14 R,
7 W
26 R
(including 2 DDs),
3 W
10 R,
2 W
(including 1 DD)

Combined Coryat: $29,000

[game clues] [game scores] [suggest correction]

Game tape date: 2009-02-04
The J! Archive is created by fans, for fans. Scraping, republication, monetization, and malicious use prohibited; this site may use cookies and collect identifying information. See terms. The Jeopardy! game show and all elements thereof, including but not limited to copyright and trademark thereto, are the property of Jeopardy Productions, Inc. and are protected under law. This website is not affiliated with, sponsored by, or operated by Jeopardy Productions, Inc. Join the discussion at JBoard.tv.